000
00292nam a22001337a 4500
003
SGT
082
_a
346.066,ACT
100
_a
ACT NO 1 OF 1956
245
_a
THE COMPANIES ACT
260
_a
ALLAHABAD
_b
C.L.A PUBLICATION
_c
1956
300
_a
V.P.
650
_a
COMPANIES ACT
942
_2
ddc
_c
BK
999
_c
10896
_d
10896